The Lord Mammon (Record no. 4674)
[ view plain ]
| 000 -LEADER | |
|---|---|
| fixed length control field | 00455nam a22001577a 4500 |
| 008 - FIXED-LENGTH DATA ELEMENTS--GENERAL INFORMATION | |
| fixed length control field | 260421b |||||||| |||| 00| 0 eng d |
| 020 ## - INTERNATIONAL STANDARD BOOK NUMBER | |
| ISBN | 9789780696894 |
| 100 ## - MAIN ENTRY--AUTHOR | |
| Author | Adamu Kyuka Usman |
| 245 ## - TITLE STATEMENT | |
| Title | The Lord Mammon |
| 260 ## - PUBLICATION, DISTRIBUTION, ETC. (IMPRINT) | |
| Place of publication | IBADAN |
| Name of publisher | University Press Plc |
| Date of publication | 2012 |
| 300 ## - COLLATION | |
| Pagination | 215p. |
| 650 ## - TRACINGS | |
| Main Subject | Nigerian Drama (English language) |
| Subdivision (1st) | Political and moral theatre |
| Subdivision (2nd) | African social satire |
| 942 ## - ADDED ENTRY ELEMENTS (KOHA) | |
| Item type | Books |
| 050 ## - LIBRARY OF CONGRESS CALL NUMBER | |
| Classification number | PR9387 |
| Item number | .U84 |
| Source of classification or shelving scheme | Not for loan | Permanent location | Current location | Date acquired | Accession No. | Full call number | Barcode. | Copy number | Koha item type |
|---|---|---|---|---|---|---|---|---|---|
| Library of Congress Classification | Samuel Ogbemudia Main Library, University of Abuja | Samuel Ogbemudia Main Library, University of Abuja | 04/21/2026 | 2026/71901-5 | PR9387 .U84 | 2026-0167 | 5 | Books |